<?xml version="1.0" encoding="UTF-8"?>
<record
    xmlns:xsi="http://www.w3.org/2001/XMLSchema-instance"
    xsi:schemaLocation="http://www.loc.gov/MARC21/slim http://www.loc.gov/standards/marcxml/schema/MARC21slim.xsd"
    xmlns="http://www.loc.gov/MARC21/slim">

  <leader>01590nam a2200181Ia 4500</leader>
  <controlfield tag="008">151202s9999||||xx |||||||||||||| ||und||</controlfield>
  <datafield tag="082" ind1=" " ind2=" ">
    <subfield code="b">PNVM-124772</subfield>
  </datafield>
  <datafield tag="100" ind1=" " ind2=" ">
    <subfield code="a">&#x92A;&#x93E;&#x930;&#x928;&#x947;&#x930;&#x915;&#x930; &#x930;&#x93E;&#x92E;&#x91A;&#x902;&#x926;&#x94D;&#x930; &#x92A;&#x94D;&#x930;&#x939;&#x94D;&#x932;&#x93E;&#x926; ( &#x921;&#x949;. &#x92A;&#x942;&#x930;&#x94D;&#x923;&#x935;&#x93E;&#x926; )    </subfield>
  </datafield>
  <datafield tag="245" ind1=" " ind2=" ">
    <subfield code="a">"&#x938;&#x902;&#x92A;&#x930;&#x94D;&#x915; &#x969;&#x968; &#x938;&#x942;&#x924;&#x94D;&#x930;&#x93E;&#x924; &#x906;&#x927;&#x93F;&#x92D;&#x94C;&#x924;&#x93F;&#x915;, &#x906;&#x927;&#x93F;&#x926;&#x948;&#x935;&#x93F;&#x915; &#x935; &#x906;&#x927;&#x94D;&#x92F;&#x93E;&#x924;&#x94D;&#x92E;&#x93F;&#x915; &#x92E;&#x940; &#x92A;&#x923;&#x93E;&#x91A;&#x94D;&#x92F;&#x93E; &#x913;&#x933;&#x916;&#x940;&#x924;&#x942;&#x928; &#x915;&#x948;&#x935;&#x932;&#x94D;&#x92F;&#x93E;&#x915;&#x921;&#x947; &#x91C;&#x93E;&#x923;&#x94D;&#x92F;&#x93E;&#x91A;&#x947; &#x928;&#x93F;&#x930;&#x942;&#x92A;&#x923;   "</subfield>
  </datafield>
  <datafield tag="260" ind1=" " ind2=" ">
    <subfield code="b">&#x92A;&#x93E;&#x930;&#x928;&#x947;&#x930;&#x915;&#x930; &#x935;&#x93F;&#x937;&#x94D;&#x923;&#x941; &#x930;&#x93E;&#x92E;&#x91A;&#x902;&#x926;&#x94D;&#x930; &#x967;&#x96D;&#x96B; &#x91F;&#x93F;&#x933;&#x915; &#x92A;&#x925; &#x907;&#x902;&#x926;&#x94C;&#x930; ( &#x92E; &#x92A;&#x94D;&#x930; )</subfield>
  </datafield>
  <datafield tag="260" ind1=" " ind2=" ">
    <subfield code="c">1964</subfield>
  </datafield>
  <datafield tag="300" ind1=" " ind2=" ">
    <subfield code="a">186</subfield>
  </datafield>
  <datafield tag="600" ind1=" " ind2=" ">
    <subfield code="a">&#x92A;&#x93E;&#x930;&#x928;&#x947;&#x930;&#x915;&#x930; &#x930;&#x93E;&#x92E;&#x91A;&#x902;&#x926;&#x94D;&#x930; &#x92A;&#x94D;&#x930;&#x939;&#x94D;&#x932;&#x93E;&#x926; ( &#x921;&#x949;. &#x92A;&#x942;&#x930;&#x94D;&#x923;&#x935;&#x93E;&#x926; )    </subfield>
  </datafield>
  <datafield tag="630" ind1=" " ind2=" ">
    <subfield code="a">"&#x938;&#x902;&#x92A;&#x930;&#x94D;&#x915; &#x969;&#x968; &#x938;&#x942;&#x924;&#x94D;&#x930;&#x93E;&#x924; &#x906;&#x927;&#x93F;&#x92D;&#x94C;&#x924;&#x93F;&#x915;, &#x906;&#x927;&#x93F;&#x926;&#x948;&#x935;&#x93F;&#x915; &#x935; &#x906;&#x927;&#x94D;&#x92F;&#x93E;&#x924;&#x94D;&#x92E;&#x93F;&#x915; &#x92E;&#x940; &#x92A;&#x923;&#x93E;&#x91A;&#x94D;&#x92F;&#x93E; &#x913;&#x933;&#x916;&#x940;&#x924;&#x942;&#x928; &#x915;&#x948;&#x935;&#x932;&#x94D;&#x92F;&#x93E;&#x915;&#x921;&#x947; &#x91C;&#x93E;&#x923;&#x94D;&#x92F;&#x93E;&#x91A;&#x947; &#x928;&#x93F;&#x930;&#x942;&#x92A;&#x923;   "</subfield>
  </datafield>
  <datafield tag="700" ind1=" " ind2=" ">
    <subfield code="a">&#x92A;&#x93E;&#x930;&#x928;&#x947;&#x930;&#x915;&#x930; &#x930;&#x93E;&#x92E;&#x91A;&#x902;&#x926;&#x94D;&#x930; &#x92A;&#x94D;&#x930;&#x939;&#x94D;&#x932;&#x93E;&#x926; ( &#x921;&#x949;. &#x92A;&#x942;&#x930;&#x94D;&#x923;&#x935;&#x93E;&#x926; )    </subfield>
  </datafield>
  <datafield tag="730" ind1=" " ind2=" ">
    <subfield code="a">"&#x938;&#x902;&#x92A;&#x930;&#x94D;&#x915; &#x969;&#x968; &#x938;&#x942;&#x924;&#x94D;&#x930;&#x93E;&#x924; &#x906;&#x927;&#x93F;&#x92D;&#x94C;&#x924;&#x93F;&#x915;, &#x906;&#x927;&#x93F;&#x926;&#x948;&#x935;&#x93F;&#x915; &#x935; &#x906;&#x927;&#x94D;&#x92F;&#x93E;&#x924;&#x94D;&#x92E;&#x93F;&#x915; &#x92E;&#x940; &#x92A;&#x923;&#x93E;&#x91A;&#x94D;&#x92F;&#x93E; &#x913;&#x933;&#x916;&#x940;&#x924;&#x942;&#x928; &#x915;&#x948;&#x935;&#x932;&#x94D;&#x92F;&#x93E;&#x915;&#x921;&#x947; &#x91C;&#x93E;&#x923;&#x94D;&#x92F;&#x93E;&#x91A;&#x947; &#x928;&#x93F;&#x930;&#x942;&#x92A;&#x923;   "</subfield>
  </datafield>
  <datafield tag="942" ind1=" " ind2=" ">
    <subfield code="c">BOOK</subfield>
  </datafield>
  <datafield tag="999" ind1=" " ind2=" ">
    <subfield code="c">1354899</subfield>
    <subfield code="d">1354896</subfield>
  </datafield>
  <datafield tag="952" ind1=" " ind2=" ">
    <subfield code="0">0</subfield>
    <subfield code="1">0</subfield>
    <subfield code="4">0</subfield>
    <subfield code="7">0</subfield>
    <subfield code="a">PNVM</subfield>
    <subfield code="b">PNVM</subfield>
    <subfield code="d">2015-08-20</subfield>
    <subfield code="g">70.00</subfield>
    <subfield code="l">0</subfield>
    <subfield code="o">PNVM-124772</subfield>
    <subfield code="p">PNVM-124772</subfield>
    <subfield code="r">2015-12-02 00:00:00</subfield>
    <subfield code="v">70.00</subfield>
    <subfield code="w">2015-12-02</subfield>
    <subfield code="y">BOOK</subfield>
  </datafield>
</record>
